00558nam a2200193 a 4500008004100000020002200041100002400063245006100087250001200148260004100160300003900201500002000240504004100260650001900301700001700320003000100337005001700338040000900355  a1899066845 (hbk.)10aBlandy, John Peter.00aTransurethral resection/cJ. P. Blandy and R. G. Notley. a4th ed.0 aOxford :bIsis Medical Mediacc1998. avi, 168 p . :bcol. ill. ;c28 cm. aIncludes index. aIncludes bibliographical references. 2aProstatectomy. aNotley, R.G.20230120203839.0 cNUST